000 01062nam0a2200313 i 4500
001 RU\NLR\BIBL_A\010858155
005 20240921141742.0
010 _a9785906438355
_9100
021 _aRU
_b2015-65538
_93917
035 _a(NILC)RuMoRGB-008005862
035 _a(NLR Aleph) 010858155
090 _a10407627
_c10407627
100 _a20151008d2014 u y0rusy50 ca
101 0 _arus
102 _aRU
105 _aac z 000gy
200 1 _aПозднее свидание
_eстихотворения
_fГригорий Осипов
210 _aМосква
_cСеребро слов
_d2014
215 _a93, [3] с., [2] л. цв. ил., портр.
_cпортр.
_d21
225 1 _aСерия "Серебряные аллеи"
675 _a821.161.1
686 2 _aШ6(2=Р)8-5
700 1 _aОсипов
_bГ. Б.
_cпоэт
_f1945-
_gГригорий Борисович
_9135145
_3RU\NLR\AUTH\770135180
801 0 _aRU
_bРГБ
_c20150827
_gRCR
942 _cBOOK
980 _aNBR